| 000 | 00906nam a22002297a 4500 | ||
|---|---|---|---|
| 003 | BUBTL | ||
| 008 | 231018b ||||| |||| 00| 0 eng d | ||
| 020 | _a9789849392651 | ||
| 041 | _aben | ||
| 082 | _a954.92/ R1293/ 2019 | ||
| 100 |
_95546 _aরহমান, মো. মাহবুবুর |
||
| 245 |
_aবাংলাদেশের ইতিহাস : ১৯০৫-৪৭ / _cমো. মাহবুবুর রহমান |
||
| 250 | _a1st ed. | ||
| 260 |
_aঢাকা : _bসুবর্ণ, _cc2019 |
||
| 300 |
_a280 p. : _c22 cm. |
||
| 500 | _aIncludes Index | ||
| 505 | _aবাংলাদেশের ইতিহাস, ১৯০৫-৪৭, মুক্তিযুদ্ধ, মো. মাহবুবুর রহমান | ||
| 650 | 0 |
_91755 _aমুক্তিযুদ্ধ |
|
| 856 |
_k0 _l0 _yDownload |
||
| 942 |
_2ddc _cBK |
||
| 999 |
_c7120 _d7120 |
||